banner-ar

تطوير المؤسسات التعليمية فى ضوء مفاهيم الجودة الشاملة / (Record no. 63490)

MARC details
000 -الفاتح
حقل البيانات ثابتة الطول 01142nam a22002777a 4500
005 - وقت وتاريخ اخر تعامل مع التسجيلة
رقم الضبط 20240530110644.0
008 - عناصر البيانات ثابتة الطول - معلومات عامة
حقل البيانات ثابتة الطول 171105s2016 ua ak g b 000 0 ara d
017 ## - رقم الايداع القانونى
رقم الايداع القانونى 2016/20044
المصدر ( الهيئة المختصة) مصر. دار الكتب
020 ## - الرقم الدولى المعيارى للكتب
الرقم الدولى المعيارى للكتاب 9789777220842
040 ## - مصدر الفهرسة
وكالة الفهرسة الأصلية EG-CaGPL
وكالة النسخ EG-CaGPL
082 04 - رقم تصنيف ديوى العشرى
رقم الطبعة 21
رقم التصنيف 379 /
رقم المادة م ت
100 0# - المدخل الرئيسى - إسم شخصى
الإسم الشخصى محمد صادق اسماعيل
245 10 - بيان العنوان
العنوان تطوير المؤسسات التعليمية فى ضوء مفاهيم الجودة الشاملة /
بيان المسئوليه,etc محمد صادق اسماعيل
250 ## - بيان الطبعة
بيان الطبعة ط.1
260 ## - PUBLICATION, DISTRIBUTION, ETC. (IMPRINT)
تاريخ النشر أو التوزيع 2016.
300 ## - الوصف المادى
التعداد 183 ص. :
تفاصيل ماديه اخرى للوعاء ايض ؛
أبعاد الوعاء 24 سم.
504 ## - تبصرة ببليوجرافية
تبصرة ببليوجرافية,الخ يشتمل على ارجاعات ببليوجرافية
650 07 - المدخل الاضافى بالموضوع-مصطلح موضوعى
مصدر الرأس أو المصطلح qrmak
مصطلح موضوعي التعليم
التقسيم الفرعي العام اغراضة واهدافة
650 07 - المدخل الاضافى بالموضوع-مصطلح موضوعى
مصدر الرأس أو المصطلح qrmak
مصطلح موضوعي المدارس
التقسيم الفرعي العام تنظيم وادارة
650 07 - المدخل الاضافى بالموضوع-مصطلح موضوعى
مصدر الرأس أو المصطلح qrmak
مصطلح موضوعي الوسائل التعليمية
650 07 - المدخل الاضافى بالموضوع-مصطلح موضوعى
مصدر الرأس أو المصطلح qrmak
مصطلح موضوعي السياسة التعليمة
651 ## - المدخل الاضافى بالموضوع - اسم جغرافى
مصدر الرأس أو المصطلح qrmak
653 #0 - مصطلح تكشيفى غير مقيد
مصطلح غير مقيد المؤسسات العليمية - تطوير
942 ## - عناصر المدخل الإضافي( كوها)
مصدر التصنيف او مخطط الترفيف Dewey Decimal Classification
Koha [default] item type كتاب
260 ## - PUBLICATION, DISTRIBUTION, ETC. (IMPRINT)
-- القاهرة :
-- المجموعة العربية للتدريب و النشر ،
Holdings
حالة التراجع حالة الفقد حالة تلف ليس للاعارة المكان المؤقت الموقع الحالى موقع الترفيف تاريخ الاكتساب اجمالي اﻻعارات رقم الطلب الباركود تاريخ اخر مشاهدة تاريخ تفعيل السعر نوع وعاء كوها
        مكتبة القاهرة الكبرى مكتبة القاهرة الكبرى القاعة الرئيسية 11/05/2017   379 / م ت 163570 11/05/2017 11/05/2017 كتاب

Powered By

EGPV